000 00834nam a2200241Ia 4500
003 CO-CtgCURN
005 20250407223908.0
008 190722s9999 xx 000 0 und d
020 _a9586167038
040 _aCO-CtgCURN
_bspa
_ccoctgcurn
082 _a336.861
_bG216g
100 _aGarcía Poveda, Bibiana
245 0 _aGravamen a los movimientos financieros /
_cBibiana García Poveda
260 _aBogotá, Colombia :
_bUniversidad Externado de Colombia,
_c2006
300 _a185 páginas ;
_c23 centímetros
490 _aCuadernos Fiscales;
_v1
521 _aAREA SOCIOHUMANISTICA
590 _aTodos los programas académicos
650 _aDerecho fiscal
650 _aFinanzas públicas
942 _cBK
_h336.861
_iG216g
_2ddc
_n0
999 _c27989
_d27989